Exploring the UNIX system

This work introduces the computer novice to the UNIX operating system, describing how operating systems work, how the UNIX file system is organized and how to create, copy, rename and remove files and more. The material is relevant to release 3 of UNIX.

Enregistré dans:
Détails bibliographiques
Format: Livre
Langue:Undetermined
Publié: Hasbrouck Heights, N.J. Hayden Bk. Co. 1984
Sujets:
Tags: Ajouter un tag
Pas de tags, Soyez le premier à ajouter un tag!
Thư viện lưu trữ: Trung tâm Học liệu Trường Đại học Cần Thơ
LEADER 00764nam a2200193Ia 4500
001 CTU_160746
008 210402s9999 xx 000 0 und d
020 |c 22.95 
082 |a 005.43 
082 |b K76 
245 0 |a Exploring the UNIX system 
245 0 |c Stephen G. Kochan, Patrick H. Wood 
260 |a Hasbrouck Heights, N.J. 
260 |b Hayden Bk. Co. 
260 |c 1984 
520 |a This work introduces the computer novice to the UNIX operating system, describing how operating systems work, how the UNIX file system is organized and how to create, copy, rename and remove files and more. The material is relevant to release 3 of UNIX. 
650 |a UNIX (Computer file) 
904 |i Giang 
980 |a Trung tâm Học liệu Trường Đại học Cần Thơ